[Event "Zhongshan zt 3.5"]
[Site "Zhongshan"]
[Date "2014.11.02"]
[Round "8"]
[White "Huang, Zhi"]
[Black "Xu, Zhihang"]
[Result "0-1"]
[WhiteElo "2107"]
[BlackElo "2119"]
[PlyCount "66"]
[EventDate "2014.10.26"]
[EventType "swiss"]
[EventRounds "11"]
[EventCountry "CHN"]
[SourceTitle "EXT 2015"]
[Source "ChessBase"]
[SourceDate "2014.11.20"]
[SourceVersion "1"]
[SourceVersionDate "2014.11.20"]
[SourceQuality "1"]

1. Nf3 Nf6 2. g3 e6 3. Bg2 d5 4. d4 Be7 5. 0-0 0-0 6. c4 c6 7. Nbd2 b6 8. b3 Bb7 9. Bb2 Nbd7 10. Rc1 Rc8 11. Re1 Re8 12. Ne5 c5 13. Nxd7 Qxd7 14. dxc5 bxc5 15. e3 Red8 16. Qe2 Ba6 17. Red1 Qc7 18. e4 d4 19. e5 Nd7 20. f4 Bb7 21. Ne4 a5 22. Rb1 a4 23. Ba1 Rb8 24. b4 cxb4 25. Bxd4 Bxe4 26. Qxe4 Qxc4 27. Rdc1 Qxa2 28. Ba7 Rbc8 29. Rd1 Qc2 30. Qxc2 Rxc2 31. f5 exf5 32. Bd4 Nf8 33. Kf1 a3 0-1

[Event "Zhongshan zt 3.5"]
[Site "Zhongshan"]
[Date "2014.10.28"]
[Round "3"]
[White "Huang, Zhi"]
[Black "Yang, Jie"]
[Result "1/2-1/2"]
[WhiteElo "2107"]
[BlackElo "2325"]
[PlyCount "64"]
[EventDate "2014.10.26"]
[EventType "swiss"]
[EventRounds "11"]
[EventCountry "CHN"]
[SourceTitle "EXT 2015"]
[Source "ChessBase"]
[SourceDate "2014.11.20"]
[SourceVersion "1"]
[SourceVersionDate "2014.11.20"]
[SourceQuality "1"]

1. Nf3 d5 2. d4 Nf6 3. c4 e6 4. Nc3 Bb4 5. a3 Bxc3+ 6. bxc3 0-0 7. Bf4 c5 8. e3 dxc4 9. Bxc4 Nd5 10. Bg3 b5 11. Bd3 c4 12. Bc2 Bb7 13. Qd2 Qa5 14. e4 Nf6 15. Bd6 Nxe4 16. Bxe4 Bxe4 17. Bxf8 Kxf8 18. 0-0 Bxf3 19. gxf3 Nd7 20. f4 Nf6 21. f5 exf5 22. Rfc1 Nd5 23. Qc2 g6 24. a4 Nf4 25. Qd2 Nd3 26. axb5 Qxb5 27. Rcb1 Qd5 28. Qh6+ Kg8 29. Rxa7 Rf8 30. Re7 f4 31. Rbb7 Qf5 32. h3 Qf6 1/2-1/2

[Event "Zhongshan zt 3.5"]
[Site "Zhongshan"]
[Date "2014.10.26"]
[Round "1"]
[White "Huang, Zhi"]
[Black "Wang, Yiye"]
[Result "0-1"]
[WhiteElo "2107"]
[BlackElo "2422"]
[PlyCount "70"]
[EventDate "2014.10.26"]
[EventType "swiss"]
[EventRounds "11"]
[EventCountry "CHN"]
[SourceTitle "EXT 2015"]
[Source "ChessBase"]
[SourceDate "2014.11.20"]
[SourceVersion "1"]
[SourceVersionDate "2014.11.20"]
[SourceQuality "1"]

1. e4 e6 2. d4 d5 3. Nc3 Bb4 4. e5 c5 5. a3 Bxc3+ 6. bxc3 Ne7 7. Qg4 Qc7 8. Qxg7 Rg8 9. Qxh7 cxd4 10. Ne2 Nbc6 11. f4 dxc3 12. Qd3 d4 13. Nxd4 Nxd4 14. Qxd4 Bd7 15. Rg1 Nf5 16. Qf2 Qc6 17. Bd3 Qd5 18. Rb1 Bc6 19. Rb3 0-0-0 20. Rxc3 Kb8 21. Rc4 b6 22. a4 Bb7 23. Rb4 Ba6 24. Rb3 Qa5+ 25. Qd2 Qc5 26. Kf1 Nh4 27. Rc3 Rxd3 28. cxd3 Qd4 29. Qc2 Nf3 30. Rh1 Qd5 31. Be3 Bb7 32. a5 Nh4 33. Rg1 Nxg2 34. Bf2 Ne3+ 35. Bxe3 Qf3+ 0-1